Sainte-Lucie pour les touristes... - Facile - Statistiques

Statistiques générales
  • Ce quiz a été pris 5 fois
  • Le résultat moyen est 5 sur 20
Statistiques - réponses
Question Indice Réponses Indice facile % Correct
Quelle est la langue officielle ? Anglais
100%
Avez-vous besoin d'un visa ? (oui/non) Non
100%
Achats à faire 1/ Alcool Rhum Blanc ou brun
75%
La conduite se fait à droite ou à gauche ? Gauche
50%
Dans la capitale quel est le décalage horaire avec Paris ? (+ ou - et chiffre) ex - 10 - 6
25%
Le principal aéroport est C Castries
25%
Quelles sont les principaux lieux touristiques ? C Castries CARISTES
25%
Achats à faire 2/ Statuettes en Coquillages Se ramassent sur la plage
25%
Quelles sont les principaux lieux touristiques ? G {Gros} Ilet ROSG
25%
Achats à faire 3/ Paniers et coupelles en Osier Vannerie
25%
Quelles sont les principaux lieux touristiques ? P {Pigeon} Island POIGNE
25%
Quelles sont les principaux lieux touristiques ? R {Rodney} Bay DRONEY
25%
Combien d'heures (environ) mettrez-vous pour vous y rendre ? (en chiffres) 14
0%
La vitesse est limitée hors des villes à {65} km/h
0%
La religion majoritaire est Catholicisme C
0%
Quelle est la monnaie ? Dollar des Caraïbes orientales $
0%
Le suffixe internet est lc
0%
Comment se nomme la principale compagnie aérienne locale L LIAT
0%
Quelles sont les principaux lieux touristiques ? F L Parc créole de {Font Latisab} BATIFOLANTS
0%
Quel est le climat local ? T T Tropical tempéré
0%
Aucun quiz correspondant
Distribution des résultats
% des personnes avec chaque résultat
Percentile par nombre de réponses
Votre historique - résultats
Vous n’avez pas pris ce quiz